Architectura and Energy : An Introduction to the Environmental Approach to the Architecture

Na minha lista:
Detalhes bibliográficos
Autor principal: Keppl, Julián, 1950- (Author)
Formato: Livro
Idioma:inglês
Publicado em: Milano : Politecnico di Milano, 1989
Assuntos:
Tags: Adicionar Tag
Sem tags, seja o primeiro a adicionar uma tag!

MARC

LEADER 00000nam a22000003a 4500
001 stu10939
005 20150617225804.9
008 950129s1989----it------------------eng-d
040 |a STU  |b slo 
041 0 |a eng 
044 |a it 
100 1 |a Keppl, Julián,  |d 1950-  |4 aut  |u A2120  |U FAD Fakulta architektúry  |T FA Ústav ekologickej a experimentálnej architektúry  |X 500  |U A2120  |Y 393  |7 A000000500 
245 1 |a Architectura and Energy :  |b An Introduction to the Environmental Approach to the Architecture 
260 |a Milano :  |b Politecnico di Milano,  |c 1989 
300 |a 25 s 
650 7 |a ekologická architektúra  |2 stusub 
996 |b 284AU01038  |c A*951 U  |l AAKNAR  |s A  |a 24  |w stu10939_0001